The economics of development and planning (Record no. 35695)

MARC details
000 -LEADER
fixed length control field 00412nam a2200181Ia 4500
020 ## - INTERNATIONAL STANDARD BOOK NUMBER
ISBN 81-8281-089-2
050 ## - CALL MARK
Classification number HD 82 .J49/
100 ## - STATEMENT OF RESPONSIBILITY--MAIN AUTHOR NAME
Personal name Jhingan, M. L.
245 #4 - TITLE STATEMENT
Title The economics of development and planning
250 ## - EDITION / VOLUME STATEMENT
Edition / Volume statement 39th ed.
260 ## - PUBLICATION, DISTRIBUTION, ETC. (IMPRINT)
Place of publication New Delhi
260 ## - PUBLICATION, DISTRIBUTION, ETC. (IMPRINT)
Name of publisher Vrinda Pub.
260 ## - PUBLICATION, DISTRIBUTION, ETC. (IMPRINT)
Year of publication 2007
300 ## - PHYSICAL DESCRIPTION
Number of Pages 689 p
650 ## - SUBJECT ADDED ENTRY--TOPICAL TERM
Topical Term Economic Planning
942 ## - ADDED ENTRY ELEMENTS (KOHA)
Koha item type Books
Source of classification Library of Congress Classification
Holdings
Withdrawn status Lost status Source of classification or shelving scheme Damaged status Not for loan Permanent Location Current Location Shelving location Date acquired Accession Number Price effective from Koha item type
    Library of Congress Classification     NILE UNIVERSITY OF NIGERIA - MAIN LIBRARY NILE UNIVERSITY OF NIGERIA - MAIN LIBRARY Items on shelf 04/23/2025 0003194 04/23/2025 Books